|
|
|
|
| LEADER |
00646nam a22001817a 4500 |
| 020 |
|
|
|a 9780198062752
|
| 082 |
|
|
|a 428.00710954
|b ADV/S
|
| 100 |
|
|
|a Advani,Shalini
|
| 245 |
|
|
|a Schooling the National Imagination:Education,English and the Indian Modern
|
| 260 |
|
|
|a New Delhi
|b Oxford University Press
|c 2009
|
| 300 |
|
|
|a 205p.
|
| 650 |
|
|
|a India
|
| 650 |
|
|
|a Education and State
|
| 650 |
|
|
|a Nationalism
|
| 650 |
|
|
|a Nationalism and education
|
| 942 |
|
|
|c BK
|
| 999 |
|
|
|c 35703
|d 35703
|
| 952 |
|
|
|0 0
|1 0
|4 0
|6 428_007109540000000_ADVS
|7 0
|8 Stack
|9 37790
|a KUCL
|b KUCL
|c Stack
|d 2015-10-31
|g 575.00
|l 1
|o 428.00710954 ADV/S
|p 35044
|r 2017-12-19
|s 2017-06-16
|w 2015-10-31
|y BK
|